[Event "World Youth U16 Olympiad"]
[Site "Gyor HUN"]
[Date "2014.12.18"]
[Round "6.2"]
[Board "4"]
[White "Lorparizangeneh, Shahin"]
[Black "Toma, Radu-Cristian"]
[Result "1-0"]
[WhiteTitle "FM"]
[WhiteElo "2340"]
[BlackElo "2255"]
[WhiteTeam "Iran"]
[BlackTeam "Romania"]
[WhiteFideId "12521604"]
[BlackFideId "1217992"]
[EventDate "2014.12.13"]

1. c4 c5 2. Nc3 Nc6 3. g3 g6 4. Bg2 Bg7 5. Nf3 Nh6 6. h4 d6 7. h5 Bg4 8. d3 Qd7
9. Nd5 O-O-O 10. Nh2 Bh3 11. Bxh3 Qxh3 12. Bxh6 Bxh6 13. e3 e6 14. Nc3 gxh5 15.
Qe2 d5 16. O-O-O dxc4 17. dxc4 Nd4 18. Qf1 Qf5 19. Rd2 Nc6 20. Qe2 Rxd2 21. Qxd2
Rd8 22. Qc2 Qxc2+ 23. Kxc2 Nb4+ 24. Kb3 Rd2 25. Ne4 Rd3+ 26. Nc3 Rd2 27. Ne4 Re2
28. Nxc5 Nc6 29. Nd3 Bg7 30. Nf3 e5 31. Re1 Rxe1 32. Ndxe1 Bf6 33. c5 Kd7 34.
Kc4 e4 35. Nd2 Bxb2 36. Nxe4 Bg7 37. Nd3 Ke6 38. Ng5+ Kf6 39. Ne4+ Ke6 40. Nd6
Nd8 41. Nf4+ Ke5 42. Nxh5 Bf8 43. f4+ Ke6 44. Nb5 Kf5 45. Nd4+ Kg6 46. g4 Nc6
47. Nxc6 bxc6 48. Ng3 Bg7 49. Nf5 Bb2 1-0

[Event "World Youth U16 Olympiad"]
[Site "Gyor HUN"]
[Date "2014.12.18"]
[Round "6.3"]
[Board "2"]
[White "Cao, Jason"]
[Black "Abramciuc, Marius"]
[Result "1-0"]
[WhiteTitle "FM"]
[WhiteElo "2309"]
[BlackElo "2204"]
[WhiteTeam "Canada 1"]
[BlackTeam "Moldova"]
[WhiteFideId "2611112"]
[BlackFideId "13900609"]
[EventDate "2014.12.13"]

1. e4 e5 2. Nf3 Nc6 3. Bb5 a6 4. Ba4 Nf6 5. d3 b5 6. Bb3 d6 7. c3 Be7 8. O-O O-O
9. Nbd2 Na5 10. Bc2 c5 11. Re1 Bb7 12. Nf1 Nd7 13. Ng3 g6 14. Bh6 Re8 15. b4 Nc6
16. Bb3 Bf6 17. Qd2 Nf8 18. Ng5 Ne6 19. Nxe6 fxe6 20. bxc5 dxc5 21. f4 c4 22.
fxe5 Nxe5 23. dxc4 Qxd2 24. Bxd2 bxc4 25. Bc2 Red8 26. Re2 Rd7 27. Rb1 Rad8 28.
Nf1 Be7 29. Be3 Ng4 30. Bb6 Rb8 31. Ba4 Rd3 32. h3 Ba8 33. Reb2 Rxb6 34. hxg4
Bc5+ 35. Kh2 Rxb2 36. Rxb2 Bd6+ 37. Kg1 Rxc3 38. Rc2 Be5 39. Nd2 Rxc2 40. Bxc2
c3 41. Nf3 Bd6 42. Kf2 Bc6 43. Ke3 Bb5 44. Kd4 Bf1 45. Kxc3 Bxg2 46. Ng5 e5 47.
Bd3 a5 48. Kc4 h6 49. Kd5 Bb8 50. Ne6 Bf3 51. g5 h5 52. Bf1 a4 53. a3 Bd1 54.
Nc5 Bb3+ 55. Kc6 Ba7 56. Nxb3 axb3 57. Bc4+ Kg7 58. Bxb3 Be3 59. Kd6 Bxg5 60.
Kxe5 Bd2 61. Bd1 Bc3+ 62. Ke6 h4 63. e5 h3 64. Kd6 Bb2 65. a4 Kf8 66. a5 Bd4 67.
e6 h2 68. e7+ Kf7 69. Bf3 1-0

[Event "World Youth U16 Olympiad"]
[Site "Gyor HUN"]
[Date "2014.12.18"]
[Round "6.3"]
[Board "4"]
[White "Zhou, Qiyu"]
[Black "Chetrari, Nikita"]
[Result "0-1"]
[WhiteTitle "WFM"]
[WhiteElo "2156"]
[BlackElo "2117"]
[WhiteTeam "Canada 1"]
[BlackTeam "Moldova"]
[WhiteFideId "505161"]
[BlackFideId "13904647"]
[EventDate "2014.12.13"]

1. d4 Nf6 2. c4 e6 3. Nc3 Bb4 4. e3 O-O 5. Bd3 c5 6. Ne2 cxd4 7. exd4 d5 8. O-O
Nc6 9. Bg5 Be7 10. Qd2 Nb4 11. b3 Nxd3 12. Qxd3 b6 13. Rac1 Ba6 14. Nb1 Rc8 15.
Nd2 h6 16. Bf4 Qd7 17. Rfd1 Rfd8 18. Nf3 dxc4 19. bxc4 Nd5 20. Bd2 Qa4 21. Ne5
f6 22. Bxh6 fxe5 23. Qg3 Bf8 24. Qg4 Nf6 25. Qxe6+ Kh8 26. Bg5 Qd7 27. Qxd7 Rxd7
28. dxe5 Rxd1+ 29. Rxd1 Ne4 30. Be3 Bxc4 31. Nf4 Bxa2 32. e6 g5 33. Ng6+ Kg7 34.
Nxf8 Kxf8 35. f3 Nc5 36. Bxg5 Bxe6 37. h4 a5 38. h5 Kg7 39. Be3 a4 40. g4 a3 41.
Kg2 Nb3 42. Bf4 a2 43. Be5+ Kh7 44. g5 Rc5 45. Bf6 Rd5 46. Re1 Nc5 47. Kg3 b5
48. g6+ Kh6 49. g7 Kh7 50. h6 b4 51. Ba1 b3 52. Kh2 b2 53. Bxb2 Rd2+ 54. Kg3
Rxb2 0-1

[Event "World Youth U16 Olympiad"]
[Site "Gyor HUN"]
[Date "2014.12.18"]
[Round "6.4"]
[Board "1"]
[White "Ghosh, Diptayan"]
[Black "Sibashvili, Giorgi"]
[Result "1/2-1/2"]
[WhiteTitle "IM"]
[BlackTitle "FM"]
[WhiteElo "2516"]
[BlackElo "2387"]
[WhiteTeam "India"]
[BlackTeam "Georgia"]
[WhiteFideId "5045207"]
[BlackFideId "13602799"]
[EventDate "2014.12.13"]

1. d4 Nf6 2. c4 e6 3. Nf3 c5 4. d5 d6 5. Nc3 g6 6. dxe6 Bxe6 7. Bf4 Bxc4 8. Qa4+
b5 9. Nxb5 Bxb5 10. Qxb5+ Nbd7 11. g3 Qb6 12. Qd3 d5 13. Qe3+ Ne4 14. Bh3 f5 15.
O-O c4 16. Qxb6 axb6 17. Be3 Bg7 18. Bd4 O-O 19. Rfd1 Ra5 20. Bxg7 Kxg7 21. b4
cxb3 22. axb3 Nc3 23. Rxa5 bxa5 24. Ra1 Nxe2+ 25. Kf1 Nc3 26. Rxa5 Nf6 27. Nd4
Rb8 28. Ra7+ Kh6 29. Ra6 Kg7 30. Ra7+ Kh6 1/2-1/2

[Event "World Youth U16 Olympiad"]
[Site "Gyor HUN"]
[Date "2014.12.18"]
[Round "6.4"]
[Board "2"]
[White "Tutisani, Noe"]
[Black "Karthikeyan, Murali"]
[Result "0-1"]
[BlackTitle "IM"]
[WhiteElo "2301"]
[BlackElo "2497"]
[WhiteTeam "Georgia"]
[BlackTeam "India"]
[WhiteFideId "13602853"]
[BlackFideId "5074452"]
[EventDate "2014.12.13"]

1. e4 c5 2. Nf3 e6 3. d4 cxd4 4. Nxd4 a6 5. Bd3 Qc7 6. O-O Nf6 7. Qe2 d6 8. c4
Be7 9. Nc3 O-O 10. f4 e5 11. Nc2 Bg4 12. Qf2 Be6 13. Ne3 exf4 14. Ned5 Bxd5 15.
exd5 Ng4 16. Qc2 g6 17. Bxf4 Nd7 18. Ne4 f5 19. Be2 Qb6+ 20. c5 Nxc5 21. Nxc5
Rac8 22. Kh1 Rxc5 23. Qd2 Nf6 24. Be3 Ne4 25. Bxc5 Qxc5 26. Qe1 Qxd5 27. Bf3 Re8
28. Rd1 Qe5 29. Qb4 b5 30. Qb3+ Kh8 31. Bxe4 fxe4 32. Rf7 Bf6 33. Qh3 Bg7 34.
Qd7 Rg8 35. Qxd6 Qxb2 36. Qe6 Qe2 37. Rff1 Qc4 38. Qxc4 bxc4 39. Rf4 c3 40. Rxe4
c2 41. Rc1 Rd8 42. Ree1 Bc3 43. Rf1 Rd2 44. h4 Bb2 45. Kh2 Bxc1 46. Rxc1 Kg7 47.
Kg3 Kf6 48. Kf3 Ke5 0-1

[Event "World Youth U16 Olympiad"]
[Site "Gyor HUN"]
[Date "2014.12.18"]
[Round "6.4"]
[Board "3"]
[White "Aravindh, Chithambaram VR."]
[Black "Khomeriki, Nino"]
[Result "1-0"]
[WhiteTitle "IM"]
[BlackTitle "WFM"]
[WhiteElo "2476"]
[BlackElo "2141"]
[WhiteTeam "India"]
[BlackTeam "Georgia"]
[WhiteFideId "5072786"]
[BlackFideId "13603191"]
[EventDate "2014.12.13"]

1. e4 e6 2. d4 d5 3. Nc3 Bb4 4. exd5 exd5 5. Bd3 Nf6 6. Ne2 O-O 7. O-O c6 8. Ng3
Bg4 9. Nce2 Bd6 10. h3 Bxe2 11. Nxe2 Nh5 12. Ng3 Nxg3 13. fxg3 Qc7 14. Qg4 g6
15. Bh6 Re8 16. Rf6 Na6 17. Raf1 Re7 18. h4 Bxg3 19. h5 Re1 20. Rxe1 Bxe1 21.
hxg6 hxg6 22. Bxg6 Qg3 23. Bxf7+ Kh7 24. Bg6+ Kh8 25. Qd7 Bf2+ 26. Kf1 1-0

[Event "World Youth U16 Olympiad"]
[Site "Gyor HUN"]
[Date "2014.12.18"]
[Round "6.4"]
[Board "4"]
[White "Ghvamberia, Nika"]
[Black "Kumaran, B"]
[Result "1-0"]
[WhiteElo "2122"]
[BlackElo "2316"]
[WhiteTeam "Georgia"]
[BlackTeam "India"]
[WhiteFideId "13602128"]
[BlackFideId "5038472"]
[EventDate "2014.12.13"]

1. e4 c5 2. Nf3 Nc6 3. d4 cxd4 4. Nxd4 e5 5. Nb5 Nf6 6. N1c3 d6 7. Bg5 a6 8. Na3
b5 9. Nd5 Be7 10. Bxf6 Bxf6 11. c3 Ne7 12. Nxf6+ gxf6 13. Bd3 Bb7 14. Nc2 d5 15.
exd5 Qxd5 16. Ne3 Qe6 17. a4 Rd8 18. Qc2 e4 19. Be2 Bc6 20. axb5 axb5 21. Ra5 f5
22. g3 Qd7 23. c4 b4 24. O-O Qc7 25. Rfa1 f4 26. Ra7 Qd6 27. Nd5 Bxd5 28. cxd5
e3 29. fxe3 fxg3 30. Qe4 gxh2+ 31. Kh1 Rg8 32. Bf3 Kf8 33. Rf1 Rg1+ 34. Rxg1
hxg1=Q+ 35. Kxg1 Rc8 36. Ra1 Ng6 37. Bg2 b3 38. Rf1 Rc7 39. Qd3 Qg3 40. Qxb3 Kg7
41. Qd3 Ne5 42. Qd2 Ng4 43. Rf3 Qh2+ 44. Kf1 Qe5 45. Ke2 Nf6 46. Rf4 Qh5+ 47.
Bf3 Qg6 48. e4 Qg1 49. e5 Re7 50. Qe3 Qxe3+ 51. Kxe3 Rxe5+ 52. Kd4 Re1 53. b4
Nd7 54. Bg4 Ne5 55. Bf5 f6 56. b5 Rc1 57. d6 Kf7 58. Kd5 h5 59. b6 Nc6 60. Rc4
Rxc4 61. Kxc4 Ke8 62. Kc5 Nd8 63. Bc8 h4 64. Kd5 Kf8 65. b7 Nxb7 66. Bxb7 Ke8
67. Bc8 Kd8 68. Bh3 Ke8 69. Kc6 Kd8 70. d7 1-0

[Event "World Youth U16 Olympiad"]
[Site "Gyor HUN"]
[Date "2014.12.18"]
[Round "6.5"]
[Board "1"]
[White "Jarmula, Lukasz"]
[Black "Vetoshko, Volodymyr"]
[Result "0-1"]
[WhiteTitle "FM"]
[BlackTitle "IM"]
[WhiteElo "2307"]
[BlackElo "2424"]
[WhiteTeam "Poland 1"]
[BlackTeam "Ukraine"]
[WhiteFideId "1160664"]
[BlackFideId "14122480"]
[EventDate "2014.12.13"]

1. e4 e5 2. Nf3 Nc6 3. Bb5 Nf6 4. d3 Bc5 5. c3 d6 6. O-O O-O 7. Bg5 Bb6 8. a4
Ne7 9. Bc4 c6 10. Nh4 d5 11. exd5 cxd5 12. Bb3 Bg4 13. Qe1 Nc6 14. h3 Be6 15.
Nf3 e4 16. Nh2 exd3 17. Qd1 Bf5 18. Qf3 Be4 19. Qg3 Bc7 20. f4 Bf5 21. Nd2 Re8
22. Rae1 Qd6 23. Bxf6 Qxf6 24. Bxd5 Nd4 25. Ng4 Bxg4 26. Qxg4 Rxe1 27. Rxe1 Ne2+
28. Kh1 Bxf4 29. Ne4 Qe5 30. Qd7 Rf8 31. Rd1 d2 32. Qg4 Ng3+ 33. Nxg3 Bxg3 34.
Bc4 Qe1+ 35. Bf1 Re8 36. Qd7 Bf4 37. c4 g6 38. c5 Qxd1 0-1

[Event "World Youth U16 Olympiad"]
[Site "Gyor HUN"]
[Date "2014.12.18"]
[Round "6.5"]
[Board "2"]
[White "Vorontsov, Pavlo"]
[Black "Tomczak, Mikolaj"]
[Result "1-0"]
[WhiteTitle "FM"]
[WhiteElo "2374"]
[BlackElo "2266"]
[WhiteTeam "Ukraine"]
[BlackTeam "Poland 1"]
[WhiteFideId "14116367"]
[BlackFideId "1175114"]
[EventDate "2014.12.13"]

1. d4 Nf6 2. c4 g6 3. Nc3 Bg7 4. e4 d6 5. Bd3 O-O 6. Nge2 c5 7. d5 e6 8. Bg5 h6
9. Bh4 exd5 10. exd5 Nbd7 11. f4 Re8 12. O-O a6 13. a4 Qa5 14. Qd2 Nf8 15. f5 g5
16. Bg3 Qd8 17. h4 N8h7 18. hxg5 hxg5 19. Rae1 Qc7 20. Kh1 Bd7 21. Ng1 Bh6 22.
Nh3 Kg7 23. Ne4 Nxe4 24. Bxe4 Nf6 25. Qc3 b5 26. b3 bxc4 27. Nf2 Re5 28. Bxe5
dxe5 29. d6 Qxd6 30. Bxa8 Bxf5 31. Qxe5 1-0

[Event "World Youth U16 Olympiad"]
[Site "Gyor HUN"]
[Date "2014.12.18"]
[Round "6.5"]
[Board "3"]
[White "Gumularz, Szymon"]
[Black "Osmak, Iulija"]
[Result "1/2-1/2"]
[BlackTitle "WFM"]
[WhiteElo "2241"]
[BlackElo "2308"]
[WhiteTeam "Poland 1"]
[BlackTeam "Ukraine"]
[WhiteFideId "1188062"]
[BlackFideId "14101602"]
[EventDate "2014.12.13"]

1. d4 d5 2. c4 c6 3. Nc3 Nf6 4. e3 g6 5. Nf3 Bg7 6. Bd3 O-O 7. h3 Nbd7 8. O-O
Re8 9. cxd5 cxd5 10. Qb3 e5 11. dxe5 Nxe5 12. Be2 Nc6 13. Nd4 Ne4 14. Nxe4 Rxe4
15. Bf3 Re7 16. Rd1 Nxd4 17. exd4 Be6 18. Bg5 f6 19. Bf4 Rc8 20. Rac1 Rd7 21.
Rxc8 Qxc8 22. Rc1 Qd8 23. Qa3 a6 24. Qc3 Bf8 25. a3 Re7 26. Qd2 Qb6 27. b4 g5
28. Bg3 Qd8 29. Qd3 Qe8 30. Bd6 Rd7 31. Bxf8 Qxf8 32. Rc5 Kg7 33. Qc3 Qe7 34.
Qe3 Qd6 35. Qd2 Re7 36. Rc1 Bf7 37. Qc3 Qf4 38. g3 Qf5 39. Bg4 Qe4 40. Bf3 1/2-1/2

[Event "World Youth U16 Olympiad"]
[Site "Gyor HUN"]
[Date "2014.12.18"]
[Round "6.5"]
[Board "4"]
[White "Shtembuliak, Evgeny"]
[Black "Harazinska, Ewa"]
[Result "1/2-1/2"]
[WhiteTitle "FM"]
[BlackTitle "WFM"]
[WhiteElo "2257"]
[BlackElo "2143"]
[WhiteTeam "Ukraine"]
[BlackTeam "Poland 1"]
[WhiteFideId "14113325"]
[BlackFideId "1118374"]
[EventDate "2014.12.13"]

1. Nf3 c5 2. c4 Nc6 3. Nc3 g6 4. g3 Bg7 5. Bg2 e6 6. O-O Nge7 7. d3 O-O 8. Bg5
f6 9. Bd2 d5 10. cxd5 exd5 11. a3 Be6 12. Rc1 Rc8 13. Na4 b6 14. b4 cxb4 15.
axb4 Qd7 16. b5 Ne5 17. Nd4 Bh3 18. Nc3 Bxg2 19. Kxg2 f5 20. Qa4 Nc4 21. Bg5
Bxd4 22. Bxe7 Qxe7 23. Nxd5 Qxe2 24. Rxc4 Bc5 25. Nf4 Qe7 26. d4 Bd6 27. Rxc8
Rxc8 28. Qb3+ Qf7 29. Ne6 f4 30. d5 Qf5 31. Qf3 g5 32. g4 Qe5 33. Rd1 Rc3 34.
Rd3 Rc1 35. Rd1 Rc3 36. Rd3 Rc1 37. Rd1 1/2-1/2

[Event "World Youth U16 Olympiad"]
[Site "Gyor HUN"]
[Date "2014.12.18"]
[Round "6.6"]
[Board "1"]
[White "Havasi, Gergo"]
[Black "Schroeder, Jan-Christian"]
[Result "1/2-1/2"]
[BlackTitle "FM"]
[WhiteElo "2353"]
[BlackElo "2390"]
[WhiteTeam "Hungary 2"]
[BlackTeam "Germany"]
[WhiteFideId "760293"]
[BlackFideId "24662259"]
[EventDate "2014.12.13"]

1. e4 e5 2. Nf3 Nc6 3. Bb5 a6 4. Ba4 Nf6 5. O-O Be7 6. d3 b5 7. Bb3 d6 8. a4 Bd7
9. c3 O-O 10. Nbd2 Na5 11. Bc2 c5 12. Re1 Qc7 13. Nf1 h6 14. Ne3 Rfe8 15. h3 Bf8
16. Nh2 Be6 17. Nhg4 Nd7 18. Nf5 h5 19. Nh2 g6 20. Ng3 Nf6 21. Nf3 Nh7 22. Ng5
Nxg5 23. Bxg5 Bg7 24. Qf3 Nb3 25. Bxb3 Bxb3 26. axb5 axb5 27. Bf6 Bxf6 28. Qxf6
Rxa1 29. Rxa1 Qd8 30. Qf3 h4 31. Nf1 Kg7 32. Ne3 Be6 33. d4 cxd4 34. cxd4 exd4
35. Nc2 Qf6 36. Qxf6+ Kxf6 37. Nxd4 Bd7 38. f3 Ke5 39. Rd1 b4 40. Kf2 Ra8 41.
Ke3 g5 42. Nc2 b3 43. Nd4 Ra2 44. Rd2 Be6 45. Nb5 Ra6 46. Nd4 Bc4 47. Nb5 f5 48.
Na3 f4+ 49. Kf2 Be6 50. Nb5 Rb6 51. Na3 Rc6 52. Ke2 Rc1 53. Rd1 Rxd1 54. Kxd1
Kd4 55. Kd2 Bd7 56. Ke2 Bc6 57. Kd2 Be8 58. Ke2 Bd7 59. Kd2 Bc6 60. Ke2 Ba4 61.
Kd2 Bc6 62. Ke2 Kc5 63. Kd1 Bb7 64. Nb1 Ba6 65. Nd2 Kb4 66. Ke1 Bd3 67. Kf2 Bc2
68. Ke2 Kc5 69. Ke1 Kd4 70. Ke2 Kc5 71. Ke1 Kb5 72. Kf2 Kb4 73. Ke2 Kc5 74. Kf2
Kb5 75. Ke2 Kb4 76. Kf2 Bd3 77. Ke1 Ba6 78. Kf2 Bc8 79. Ke2 Ba6+ 80. Kf2 Bc8 81.
Ke1 1/2-1/2

[Event "World Youth U16 Olympiad"]
[Site "Gyor HUN"]
[Date "2014.12.18"]
[Round "6.6"]
[Board "2"]
[White "Perske, Thore"]
[Black "Kozak, Adam"]
[Result "0-1"]
[BlackTitle "FM"]
[WhiteElo "2402"]
[BlackElo "2307"]
[WhiteTeam "Germany"]
[BlackTeam "Hungary 2"]
[WhiteFideId "12902195"]
[BlackFideId "753246"]
[EventDate "2014.12.13"]

1. e4 c5 2. Nf3 d6 3. d4 cxd4 4. Nxd4 Nf6 5. Nc3 a6 6. Be3 e5 7. Nb3 Be7 8. f3
Be6 9. Qd2 O-O 10. O-O-O a5 11. a4 Nc6 12. g4 Nb4 13. Bb5 Rc8 14. Kb1 d5 15. g5
Ne8 16. exd5 Bf5 17. Na1 Nd6 18. h4 Qc7 19. Qf2 Nxb5 20. axb5 Bd6 21. Rd2 a4 22.
b6 Qc4 23. Qf1 a3 24. Qxc4 Rxc4 25. Nb5 a2+ 26. Kc1 Rfc8 27. c3 Bf8 28. Kd1 Bd3
29. Ke1 e4 30. Kf2 Nxd5 31. Bd4 Rxd4 32. Nxd4 e3+ 33. Ke1 exd2+ 34. Kxd2 Bc4 35.
b3 Ba6 36. c4 Nxb6 37. Nac2 Bc5 38. Ra1 Rd8 39. Kc3 Bd6 40. Rxa2 Be5 41. Ra5 Bc7
42. Ra1 Bg3 43. Nf5 Be5+ 44. Nfd4 g6 45. Re1 Bd6 46. Re4 Nd7 47. b4 b6 48. Nc6
Rc8 49. b5 Bb7 50. N2d4 Nc5 51. Re2 Bxc6 52. bxc6 Bf8 53. Rd2 Bg7 54. Kb4 Bxd4
55. Rxd4 Rxc6 56. Kb5 Re6 57. Rd8+ Kg7 58. Rb8 Re5 59. f4 Rf5 60. Kb4 Na6+ 0-1

[Event "World Youth U16 Olympiad"]
[Site "Gyor HUN"]
[Date "2014.12.18"]
[Round "6.6"]
[Board "3"]
[White "Juhasz, Armin"]
[Black "Vogel, Roven"]
[Result "1-0"]
[WhiteTitle "FM"]
[WhiteElo "2268"]
[BlackElo "2401"]
[WhiteTeam "Hungary 2"]
[BlackTeam "Germany"]
[WhiteFideId "724270"]
[BlackFideId "12908088"]
[EventDate "2014.12.13"]

1. d4 e6 2. Nf3 Nf6 3. c4 Bb4+ 4. Bd2 c5 5. a3 Bxd2+ 6. Qxd2 cxd4 7. Qxd4 Nc6 8.
Qd1 O-O 9. Nc3 b6 10. e3 Bb7 11. Be2 Rc8 12. Rc1 a6 13. O-O Na5 14. Nd2 d5 15.
cxd5 Nxd5 16. Nxd5 Qxd5 17. Bf3 Qd7 18. Bxb7 Rxc1 19. Qxc1 Nxb7 20. Ne4 Qd5 21.
Qc2 Rd8 22. h3 f5 23. Nc3 Qc6 24. Rd1 Rxd1+ 25. Qxd1 Nd6 26. Ne2 g6 27. Qd4 Ne4
28. f3 Nd6 29. Qf6 Nf7 30. Kf2 Qc2 31. h4 Qb3 32. Nf4 Qc2+ 33. Kg3 Qc7 34. Qxe6
Qe5 35. Qxb6 a5 36. b4 Qa1 37. Kh2 a4 38. Ne6 h6 39. Nd4 Qxa3 40. Qxg6+ Kf8 41.
Ne6+ Ke7 42. Nf4 Qb3 43. Qxf5 a3 44. Ng6+ Kd8 45. Qa5+ Kd7 46. Qa7+ Kc6 47. Ne7+
Kb5 48. Qc5+ Ka6 49. Nd5 Kb7 50. Qc7+ 1-0

[Event "World Youth U16 Olympiad"]
[Site "Gyor HUN"]
[Date "2014.12.18"]
[Round "6.6"]
[Board "4"]
[White "Sieber, Fiona"]
[Black "Zsirai, Peter"]
[Result "0-1"]
[WhiteElo "2019"]
[BlackElo "2301"]
[WhiteTeam "Germany"]
[BlackTeam "Hungary 2"]
[WhiteFideId "12902373"]
[BlackFideId "727423"]
[EventDate "2014.12.13"]

1. e4 c5 2. Nf3 d6 3. d4 cxd4 4. Nxd4 Nf6 5. Nc3 a6 6. Be3 e5 7. Nb3 Be6 8. Qd2
Nbd7 9. O-O-O Rc8 10. f3 h5 11. Kb1 Be7 12. f4 Qc7 13. h3 b5 14. Bd3 h4 15. Rhe1
O-O 16. f5 Bc4 17. g4 hxg3 18. Rg1 b4 19. Ne2 d5 20. Nxg3 Rfd8 21. exd5 Bf8 22.
Bxc4 Qxc4 23. Na5 Qc7 24. Nc6 Re8 25. Bg5 Nxd5 26. Qxd5 Nb6 27. Qd3 Qxc6 28. Ne4
Nd7 29. Rg4 Nc5 30. Nf6+ Qxf6 31. Bxf6 Nxd3 32. Rxd3 Rc6 33. Bxg7 Bxg7 34. Rdg3
Kf8 35. Rxg7 Ke7 36. a3 bxa3 37. Rxa3 Rh8 38. Rgg3 Kf6 39. Rgf3 Rh5 40. c4 e4
41. Rf1 Rxf5 42. Re1 Rf4 43. b3 Ke6 44. Kc2 f5 45. Rg1 Rf2+ 46. Kc3 Ke5 47. Rga1
Rf3+ 48. Kc2 Rg6 49. Rd1 Rxh3 50. Ra5+ Kf4 51. c5 Rg2+ 52. Rd2 Rxd2+ 53. Kxd2
Rh2+ 54. Kd1 Rh6 55. b4 e3 56. Ra3 Kf3 57. Rc3 Kf2 58. Rc2+ Kf1 59. Re2 f4 60.
Re1+ Kf2 61. Re2+ Kf3 62. Re1 Ke4 63. Rg1 Kd3 64. Ke1 f3 0-1

[Event "World Youth U16 Olympiad"]
[Site "Gyor HUN"]
[Date "2014.12.18"]
[Round "6.7"]
[Board "1"]
[White "Bakalchuk, Johnatan"]
[Black "Theodorou, Nikolas"]
[Result "1-0"]
[WhiteTitle "FM"]
[WhiteElo "2300"]
[BlackElo "2321"]
[WhiteTeam "Israel"]
[BlackTeam "Greece"]
[WhiteFideId "2810301"]
[BlackFideId "4262875"]
[EventDate "2014.12.13"]

1. e4 c5 2. Nf3 e6 3. b3 b6 4. Bd3 Bb7 5. O-O Ne7 6. Re1 Ng6 7. Bb2 d6 8. Bf1 a6
9. g3 Nd7 10. h4 Nge5 11. Nh2 Be7 12. c3 d5 13. d4 cxd4 14. cxd4 Nc6 15. e5 O-O
16. Nd2 Rc8 17. a3 f5 18. exf6 Bxf6 19. Ndf3 Re8 20. Bh3 Nf8 21. Ng4 Rc7 22. Re3
Bc8 23. Rc1 Ne7 24. Rxc7 Qxc7 25. Rc3 Qd8 26. Bc1 Nf5 27. Bf4 Nd7 28. h5 Rf8 29.
h6 Qe8 30. Kg2 a5 31. Rc7 Ba6 32. Ra7 Bc8 33. Nxf6+ gxf6 34. Bxf5 exf5 35. Nh4
Rf7 36. Qd3 Ne5 37. dxe5 Rxa7 38. Nxf5 Be6 39. Nd6 Qf8 40. Qd4 Rd7 41. Qxb6 fxe5
42. Bxe5 Qxh6 43. Nf5 Qg6 44. Qb8+ Kf7 45. Nd6+ Ke7 46. Nc8+ Kf7 47. Nd6+ Ke7
48. Nc8+ Kf7 49. Nd6+ Ke7 50. Bf4 Qg8 51. Nf5+ Kf6 52. Qe5+ Kg6 53. Nh6 Qd8 54.
Qxe6+ Kg7 55. Nf5+ 1-0

[Event "World Youth U16 Olympiad"]
[Site "Gyor HUN"]
[Date "2014.12.18"]
[Round "6.7"]
[Board "2"]
[White "Drakoulakos, Grigorios"]
[Black "Zanan, Evgeny"]
[Result "0-1"]
[BlackTitle "FM"]
[WhiteElo "2334"]
[BlackElo "2300"]
[WhiteTeam "Greece"]
[BlackTeam "Israel"]
[WhiteFideId "4264541"]
[BlackFideId "24101940"]
[EventDate "2014.12.13"]

1. Nf3 Nf6 2. c4 b6 3. g3 c5 4. Bg2 Bb7 5. O-O g6 6. Nc3 Bg7 7. d4 cxd4 8. Nxd4
Bxg2 9. Kxg2 Qc8 10. b3 Qb7+ 11. f3 d5 12. Bb2 dxc4 13. bxc4 O-O 14. Qb3 Nbd7
15. Ba3 Ne5 16. e4 Rfd8 17. Rfd1 e6 18. c5 Rac8 19. Rac1 Kh8 20. Ncb5 bxc5 21.
Bxc5 Qa6 22. Be7 Rd7 23. Nd6 Ra8 24. Bxf6 Bxf6 25. N4b5 Bg7 26. Rc2 h5 27. f4
Ng4 28. h3 Nf6 29. Rcd2 Qb6 30. e5 Nd5 31. Rxd5 Qc6 32. Qf3 exd5 33. Nd4 Qc5 34.
Nb3 Qa3 35. Qxd5 Rf8 36. Rd2 Re7 37. g4 Qb4 38. Qf3 Bh6 39. Rd4 Qe1 40. Nd2 Rc7
41. N2c4 Rb8 42. Rd1 Rb2+ 0-1

[Event "World Youth U16 Olympiad"]
[Site "Gyor HUN"]
[Date "2014.12.18"]
[Round "6.7"]
[Board "3"]
[White "Grinberg, Eyal"]
[Black "Kourkoulos-Arditis, Stamatis"]
[Result "0-1"]
[BlackTitle "FM"]
[WhiteElo "2121"]
[BlackElo "2294"]
[WhiteTeam "Israel"]
[BlackTeam "Greece"]
[WhiteFideId "2806070"]
[BlackFideId "4221990"]
[EventDate "2014.12.13"]

1. e4 c5 2. Nf3 e6 3. d4 cxd4 4. Nxd4 Nc6 5. Nc3 Qc7 6. Be3 a6 7. Qf3 Nf6 8.
O-O-O d6 9. Be2 Nxd4 10. Rxd4 b5 11. Qg3 e5 12. Rdd1 Be6 13. Nd5 Bxd5 14. exd5
Rc8 15. c3 g6 16. Kb1 Bg7 17. Qf3 O-O 18. g4 Qb7 19. Ka1 Rfe8 20. Qg2 e4 21. Rd4
Re5 22. Bf4 Rxd5 23. Rxd5 Qxd5 24. Rd1 Qc6 25. Rxd6 Qc5 26. Rd1 Nd5 27. Bd2 b4
28. c4 Nc3 29. Bxc3 bxc3 30. Qxe4 Qxf2 31. Kb1 Rb8 32. b3 c2+ 33. Qxc2 Re8 34.
Bf1 Qf6 35. Kc1 Qa1+ 36. Qb1 Bh6+ 37. Kc2 Qe5 38. Qb2 Qe4+ 39. Bd3 Qxg4 40. Qc3
Bg7 41. Qd2 Qd4 42. Rb1 Rd8 43. b4 f5 44. a3 f4 45. c5 f3 46. a4 Qd5 47. Rb3 a5
48. Qf4 Kh8 49. Qe4 Qh5 50. h4 axb4 51. Rxb4 Qxc5+ 52. Rc4 Qf2+ 53. Kd1 Qg1+ 54.
Kc2 Rb8 55. Kd2 Bh6+ 56. Kc3 Qa1+ 0-1

[Event "World Youth U16 Olympiad"]
[Site "Gyor HUN"]
[Date "2014.12.18"]
[Round "6.7"]
[Board "4"]
[White "Tsiros, Fragkiskos Vlasios"]
[Black "Kali, Omer"]
[Result "1/2-1/2"]
[WhiteElo "2147"]
[BlackElo "2055"]
[WhiteTeam "Greece"]
[BlackTeam "Israel"]
[WhiteFideId "4228200"]
[BlackFideId "2812436"]
[EventDate "2014.12.13"]

1. e4 e5 2. Nf3 Nc6 3. Bb5 a6 4. Ba4 Nf6 5. O-O b5 6. Bb3 Bb7 7. c3 Nxe4 8. d4
exd4 9. Re1 d5 10. Ng5 Qf6 11. f3 h6 12. Nxe4 dxe4 13. Rxe4+ Ne7 14. Rf4 Nf5 15.
Qe2+ Be7 16. Bc2 d3 17. Bxd3 Qb6+ 18. Kh1 Nd6 19. Be3 Qc6 20. Bd4 O-O-O 21. Nd2
Rhe8 22. Ne4 g5 23. Nxd6+ Bxd6 24. Re4 Qd7 25. Rxe8 Rxe8 26. Qf2 Bf4 27. Rd1 Qe6
28. Ba7 Bc6 29. a4 g4 30. Be4 Bxe4 31. fxe4 Qxe4 32. axb5 axb5 33. Rf1 Bd6 34.
Bc5 Qe2 35. Qf5+ Qe6 36. Qf2 Qe2 37. Qf5+ Qe6 38. Qf2 Kb7 39. Bxd6 cxd6 40.
Qxf7+ Qxf7 41. Rxf7+ Kc6 42. Kg1 Re2 43. Rf2 Re6 44. Rd2 Re4 45. Kf2 Kc5 46. Kg3
h5 47. Kh4 Re5 48. Kg3 d5 49. Kf4 1/2-1/2